000 nam a22 a 4500
999 _c440779
_d440779
003 BLK
005 20211220090349.0
008 180411b bul|||||r ||||||| ||bul||
010 _aKNG00187646000
040 _aBLK
041 _aBUL
_cBUL
080 _aУкраинска литература
_b821.161.2
_x-32
_z821.161.2-32
100 1 _aКоцюбински, Михайло
_eпърви автор
_983602
139 _aКоцюбински, Михайло
245 1 0 _aФата моргана
_bПовести и разкази
_cМихайло Коцюбински ; Прев. от укр. Петко Атанасов ; [Послесл. Л. Павлов].
260 _bНар. култура
_c1961
_9209547
_aСофия
300 _a458 с. : 1 л. портр.
_c20 см
380 _aX
700 _aАтанасов, Петко
_eпрев. от укр.
_91169
700 _aПавлов, Любомир Боянов
_eпослесл.
_9958
852 _aЦб 19104
_bЦб
942 _cKNG
_n0
_s1
944 _aCR
_c2021-12-20
_kРенета Константинова